000 00427nam a22001817a 4500
003 MPLRDC
005 20220104142904.0
008 210129b ||||| |||| 00| 0 eng d
020 _a7-309-00523-6
082 _a802.63 YLQ
100 _a姚良强著
245 _a一点突破法探索
_c
250 _a一版一刷
260 _a
_b复旦大学出版社
_c1990
300 _b
650 _a
942 _cBK
_o802.63 YLQ
999 _c34583
_d34573